MyGZULibrary

How to read journal articles in the social sciences : (Record no. 1312)

MARC details
000 -LEADER
fixed length control field 01989cam a22005057i 4500
001 - CONTROL NUMBER
control field 18404880
003 - CONTROL NUMBER IDENTIFIER
control field GZU
005 - DATE AND TIME OF LATEST TRANSACTION
control field 20201006122502.0
008 - FIXED-LENGTH DATA ELEMENTS--GENERAL INFORMATION
fixed length control field 141212t20152015enka bf 001 0 eng d
010 ## - LIBRARY OF CONGRESS CONTROL NUMBER
LC control number 2014959213
020 ## - INTERNATIONAL STANDARD BOOK NUMBER
International Standard Book Number 9781473918801 (paperback)
020 ## - INTERNATIONAL STANDARD BOOK NUMBER
International Standard Book Number 1473918804 (paperback)
020 ## - INTERNATIONAL STANDARD BOOK NUMBER
International Standard Book Number 9781473918795 (hardcover)
020 ## - INTERNATIONAL STANDARD BOOK NUMBER
International Standard Book Number 1473918790 (hardcover)
035 ## - SYSTEM CONTROL NUMBER
System control number (OCoLC)ocn918929034
040 ## - CATALOGING SOURCE
Original cataloging agency EQO
Language of cataloging eng
Transcribing agency EQO
Description conventions rda
Modifying agency OCLCO
-- QGK
-- OCLCO
-- CLU
-- EYM
-- OCLCF
-- OCLCO
-- UAB
-- DLC
042 ## - AUTHENTICATION CODE
Authentication code lccopycat
050 00 - LIBRARY OF CONGRESS CALL NUMBER
Classification number H62
Item number .SHO 2015
100 1# - MAIN ENTRY--PERSONAL NAME
Personal name Shon, Phillip C.,
Relator term author.
245 10 - TITLE STATEMENT
Title How to read journal articles in the social sciences :
Remainder of title a very practical guide for students /
Statement of responsibility, etc. Phillip Chong Ho Shon.
250 ## - EDITION STATEMENT
Edition statement 2nd edition.
264 #1 - PRODUCTION, PUBLICATION, DISTRIBUTION, MANUFACTURE, AND COPYRIGHT NOTICE
Place of production, publication, distribution, manufacture London :
Name of producer, publisher, distributor, manufacturer SAGE,
Date of production, publication, distribution, manufacture, or copyright notice [2015]
264 #4 - PRODUCTION, PUBLICATION, DISTRIBUTION, MANUFACTURE, AND COPYRIGHT NOTICE
Date of production, publication, distribution, manufacture, or copyright notice ©2015
300 ## - PHYSICAL DESCRIPTION
Extent x, 130 pages :
Other physical details illustrations ;
Dimensions 25 cm.
336 ## - CONTENT TYPE
Content type term text
Source rdacontent
337 ## - MEDIA TYPE
Media type term unmediated
Source rdamedia
338 ## - CARRIER TYPE
Carrier type term volume
Source rdacarrier
490 1# - SERIES STATEMENT
Series statement Sage study skills
504 ## - BIBLIOGRAPHY, ETC. NOTE
Bibliography, etc. note Includes bibliographical references (pages 125-127) and index.
650 #0 - SUBJECT ADDED ENTRY--TOPICAL TERM
Topical term or geographic name entry element Social sciences
General subdivision Periodicals
Form subdivision Study guides.
650 #0 - SUBJECT ADDED ENTRY--TOPICAL TERM
Topical term or geographic name entry element Reader-response criticism.
650 #0 - SUBJECT ADDED ENTRY--TOPICAL TERM
Topical term or geographic name entry element Social sciences
General subdivision Study and teaching (Higher)
650 #0 - SUBJECT ADDED ENTRY--TOPICAL TERM
Topical term or geographic name entry element Study skills
Form subdivision Handbooks, manuals, etc.
650 #7 - SUBJECT ADDED ENTRY--TOPICAL TERM
Topical term or geographic name entry element Reader-response criticism.
Source of heading or term fast
Authority record control number or standard number (OCoLC)fst01090552
650 #7 - SUBJECT ADDED ENTRY--TOPICAL TERM
Topical term or geographic name entry element Social sciences
General subdivision Periodicals.
Source of heading or term fast
Authority record control number or standard number (OCoLC)fst01122939
650 #7 - SUBJECT ADDED ENTRY--TOPICAL TERM
Topical term or geographic name entry element Social sciences
General subdivision Study and teaching (Higher)
Source of heading or term fast
Authority record control number or standard number (OCoLC)fst01123030
650 #7 - SUBJECT ADDED ENTRY--TOPICAL TERM
Topical term or geographic name entry element Study skills.
Source of heading or term fast
Authority record control number or standard number (OCoLC)fst01136216
655 #7 - INDEX TERM--GENRE/FORM
Genre/form data or focus term Handbooks and manuals.
Source of term fast
Authority record control number or standard number (OCoLC)fst01423877
655 #7 - INDEX TERM--GENRE/FORM
Genre/form data or focus term Study guides.
Source of term fast
Authority record control number or standard number (OCoLC)fst01423888
830 #0 - SERIES ADDED ENTRY--UNIFORM TITLE
Uniform title Sage study skills.
906 ## - LOCAL DATA ELEMENT F, LDF (RLIN)
a 7
b cbc
c copycat
d 2
e ncip
f 20
g y-gencatlg
942 ## - ADDED ENTRY ELEMENTS (KOHA)
Source of classification or shelving scheme Library of Congress Classification
Koha item type Books
Edition 2nd ed.
Classification part 62
Item part SHO
Call number prefix H
Holdings
Withdrawn status Lost status Source of classification or shelving scheme Damaged status Not for loan Collection code Home library Current library Shelving location Date acquired Source of acquisition Total Checkouts Full call number Barcode Date last seen Copy number Price effective from Koha item type Inventory number
    Library of Congress Classification     Non-fiction City Campus Library City Campus Library General Stacks 10/12/2016 Book Aid International   H62 SHO 2015 028242 10/06/2020 c. 1 10/06/2020 Books  
          Non-fiction Mashava Campus Library Mashava Campus Library General Stacks 05/04/2021 Donation- Book Aid International   H62 SHO 2012 028940 05/04/2021 c.2 05/04/2021 Books 028940